Gate: Electronics and communication engineering (Record no. 183368)

000 -LEADER
fixed length control field 00360nam a2200133Ia 4500
008 - FIXED-LENGTH DATA ELEMENTS--GENERAL INFORMATION
fixed length control field 220217s9999||||xx |||||||||||||| ||und||
020 ## - INTERNATIONAL STANDARD BOOK NUMBER
International Standard Book Number 8183550207
082 ## - DEWEY DECIMAL CLASSIFICATION NUMBER
Classification number 621.381 GKP
100 ## - MAIN ENTRY--PERSONAL NAME
Personal name GK publications
245 #0 - TITLE STATEMENT
Title Gate: Electronics and communication engineering
260 ## - PUBLICATION, DISTRIBUTION, ETC.
Place of publication, distribution, etc. GK publications
Name of publisher, distributor, etc. Noida
Date of publication, distribution, etc. 2012
300 ## - PHYSICAL DESCRIPTION
Other physical details 695
650 ## - SUBJECT ADDED ENTRY--TOPICAL TERM
Topical term or geographic name entry element ELECTRONICS
Holdings
Withdrawn status Lost status Damaged status Not for loan Home library Current library Date acquired Total Checkouts Full call number Barcode Date last seen Date last checked out Price effective from Koha item type
        Central Library Central Library 02/18/2022 2 621.381 GKP 18557 03/13/2023 10/17/2022 02/18/2022 Books

Powered by Koha